La Nueva Mayoría. Reflexiones sobre una derrota
Guardat en:
| Autor principal: | |
|---|---|
| Format: | Desconegut |
| Idioma: | anglès |
| Publicat: |
Santiago, Chile
Catalonia
2018
|
| Matèries: | |
| Etiquetes: |
Afegir etiqueta
Sense etiquetes, Sigues el primer a etiquetar aquest registre!
|
MARC
| LEADER | 00000 a2200000 4500 | ||
|---|---|---|---|
| 003 | CL-VaPUC | ||
| 005 | 20201217105337.0 | ||
| 008 | 201217b ||||| |||| 00| 0 eng d | ||
| 999 | |c 432026 |d 432024 | ||
| 020 | |a 9789563246483 | ||
| 040 | |c Pontificia Universidad Católica de Valparaíso | ||
| 082 | |a 320 WAL 2018 | ||
| 100 | |a Walker, Ignacio |9 857401 | ||
| 245 | |a La Nueva Mayoría. |b Reflexiones sobre una derrota | ||
| 260 | |a Santiago, Chile |b Catalonia |c 2018 | ||
| 300 | |a 222 páginas | ||
| 583 | |k Cristina Rojas |c 20201217 | ||
| 650 | |a Ciencias políticas |z Chile |9 858905 | ||
| 942 | |2 ddc |c BK | ||
| 952 | |0 0 |1 0 |2 ddc |4 0 |6 320_000000000000000_WAL_2018 |7 0 |8 A |9 577062 |a BIBHIS |b BIBHIS |d 2020-12-04 |e 3 |g 11820.00 |i 5578949 |o 320 WAL 2018 |p 5578949 |r 2025-01-20 |v 11820.00 |w 2020-12-04 |y BK |k HIS | ||